000 00545nam a2200169Ia 4500
003 GCL
008 140319s9999 xx 000 0 ara d
040 _aGCL /
_cGCL
082 0 4 _a254.1
_bم م
100 1 _aمحمد ابو زهرة
245 1 0 _aمحاضرات فى عقد الزواج و اثاره /
_cمحمد ابو زهرة
260 _aالقاهرة :
_bدار الفكر العربى ،
_c1971
300 _a336 ص ؛
_c24 سم
650 0 4 _aالشريعة الاسلامية
650 0 4 _aالزواج - حقوق
942 _2ddc
_cBK
999 _c5055
_d5055